Responses for show #7132 - Tuesday, September 22, 2015

Contestants

Dylan Parson, a student from Slippery Rock, Pennsylvania

Mai Kulkarni, an operations manager from Macon, Georgia

Natalie Lips, an office assistant from Lincoln, Nebraska (whose 3-day cash winnings total $57,601)

Jeopardy! Round responses

ADVENTURE TRAVEL
"B"OOKS
A FASHIONABLE CATEGORY
REMEMBER SEPTEMBER
PORTMANTEAU WORDS
ROCKET MAN
    $200 23
the Amazon

Dylan
    $200 6
Bridges of Madison County

Mai
    $200 11
Women's Wear Daily

Triple Stumper
    $200 17
Brazil

Natalie
    $200 1
a shopaholic

Natalie
    $200 27
[Alex reads "NHL" as "National Hockey League".]
[The end-of-round signal sounds.]

the Montreal Canadiens

Triple Stumper
    $400 22
(Alex: Monarch [*], with a minute left.)

butterflies

Natalie
    $1,000 7
(Mai: Mm.)
(Alex: Mai, anything?)
(Mai: No, I'm sorry.)

Bambi

Mai
    $400 18
Marshall Field's

Dylan
    $400 16
lymphoma

Natalie
    $400 2
electrocution

Triple Stumper
    $400 26
Toledo

Natalie
    $600 21
Roswell

Dylan
    $600 8
Bel Canto

Triple Stumper
    $600 12
(Dylan: What is a convention?)

the Continental Congress

MaiDylan
    $600 3
(Dylan: What is information?)

binary

MaiDylan
    $600 15
Roger Clemens

Triple Stumper
    $800 19
Iceland

Dylan
    $800 9
The Bell Jar

Mai
    $800 13
Monterey

Triple Stumper
    $800 4
manscaping

Natalie
    $800 25
(Alex: His name is [*]. Hakeem "the Dream".)

Hakeem Olajuwon

Triple Stumper
    $1000 20
skiing

Natalie
    $1000 10
Being and Nothingness

Mai
    $1000 14
(Natalie: What is NATO?)

Solidarity

NatalieDylan
    $1000 5
a listicle

Natalie
    $1000 24
Australia

Dylan

Scores at the first commercial break (after clue 14):

Natalie Mai Dylan
$1,000 $2,200 -$200

Scores at the end of the Jeopardy! Round:

Natalie Mai Dylan
$3,400 $2,200 $2,800

Double Jeopardy! Round responses

RAISE THE WHITE IN THE FLAG
LOGOS
FRENCH FILM REMAKES
VO"CAB"ULARY
COMPOSER RHYME TIME
ROCKET, MAN
    $400 15
Norway

Dylan
    $400 2
[ERRATUM: The clue read "starting", as shown, but Alex correctly read it as "starting".]

the Golden Arches

Natalie
    $400 1
La Cage aux Folles

Natalie
    $400 21
a scab

Natalie
    $400 22
Haydn's Poseidons

Natalie
    $400 16
a stage

Dylan
    $800 14
five

Dylan
    $800 3
a mermaid

Dylan
    $800 27
La Femme Nikita

Mai
    $800 20
a cabaret

Natalie
    $800 23
Grieg's leagues

Dylan
    $2,000 10
Wernher von Braun

Dylan
    $3,500 13
(Dylan: What is North Carolina?)

NC

Dylan
    $1200 6
the Baltimore Ravens

Dylan
    $1200 28
Diane Lane

Triple Stumper
    $1200 18
amicable

Triple Stumper
    $1200 24
Mozart's go-karts

Dylan
    $1200 8
re-entry

Dylan
    $1600 11
Malta

Dylan
    $1600 5
Subaru

Natalie
    $1600 29
Breathless

Triple Stumper
    $1600 17
a cabal

Mai
    $1600 25
a Liszt fist

Natalie
    $1600 7
(Mai: What is gravity?)

weight

Mai
Triple Stumper
    $2000 12
South Africa

Dylan
    $2000 4
(Dylan: What is an ibis?)

a hummingbird

Dylan
Triple Stumper
    $2000 30
True Lies

Mai
    $2000 19
a cabriolet

Dylan
    $2000 26
(Alex: Less than one minute to go.)

Britten smitten

Triple Stumper
    $2000 9
telemetry

Triple Stumper

Scores at the end of the Double Jeopardy! Round:

Natalie Mai Dylan
$9,000 $5,000 $11,700

[wagering suggestions for these scores]

Final Jeopardy! Round responses

PRESIDENTIAL ELECTIONS
(Alex: [To Dylan] No, you were off by 8 years, when Barack Obama and John McCain dueled.)
MaiWhat 1980
$3,001
NatalieWhat is 1976?
$9,000
DylanWhat is the election of 2000?
$6,301
2008

Final scores:

Natalie Mai Dylan
$0 $1,999 $5,399
3rd place: $1,000 2nd place: $2,000 New champion: $5,399

Game dynamics:

Coryat scores:

Natalie Mai Dylan
$9,000 $6,000 $14,000
15 R,
1 W
8 R,
2 W
(including 1 DD)
18 R
(including 1 DD),
4 W
(including 1 DD)

Combined Coryat: $29,000

The J! Archive is created by fans, for fans. The Jeopardy! game show and all elements thereof, including but not limited to copyright and trademark thereto, are the property of Jeopardy Productions, Inc. and are protected under law. This website is not affiliated with, sponsored by, or operated by Jeopardy Productions, Inc. Join the discussion at JBoard.tv.